Rediseño de la Estructura organizacional y funcional del registro civil de las personas de la alcaldía del municipio de Estelí periodo 2016-2017
Propone rediseño de la estructura organizacional y funcional del registro civil de las personas de la alcaldía del municipio de Estelí, período 2016-2017. Se realiza diagnóstico de los procesos y procedimientos que se realizan en el registro civil de las personas, a través de un análisis FODA...
| Main Authors: | , |
|---|---|
| Other Authors: | |
| Format: | Tesis Section = Libro |
| Language: | Undetermined Spanish |
| Published: |
Managua
UNI/RUACS
2017
|
| Subjects: |
| LEADER | 01456nam a2200277Ia 4500 | ||
|---|---|---|---|
| 008 | 240830s9999 xx 000 0 und d | ||
| 040 | |a BIBLIOTECA-RUPAP Mon 658.402 A668 | ||
| 041 | |a spa | ||
| 082 | |a Mon 658.402 A668 | ||
| 100 | 1 | |a Arce González, Lisbeth Zaleska | |
| 100 | 1 | |b Blandón Peralta, Brenda Lisseth | |
| 245 | 1 | 0 | |a Rediseño de la Estructura organizacional y funcional del registro civil de las personas de la alcaldía del municipio de Estelí periodo 2016-2017 |
| 260 | |a Managua |b UNI/RUACS |c 2017 | ||
| 300 | |a 90 p. :il. | ||
| 500 | |a Contiene: anexos e Incluye: CD. | ||
| 502 | |a Tesis (Ingeniero de Sistemas)- UNI, 2017. | ||
| 520 | 3 | |a Propone rediseño de la estructura organizacional y funcional del registro civil de las personas de la alcaldía del municipio de Estelí, período 2016-2017. Se realiza diagnóstico de los procesos y procedimientos que se realizan en el registro civil de las personas, a través de un análisis FODA. Determina los requerimientos técnicos y operacionales para mejorar la ejecución de tareas, procesos y procedimientos, mediante una propuesta organizacional. | |
| 650 | 7 | |a ORGANIZACIÓN ADMINISTRATIVA | |
| 650 | 7 | |b ESTRUCTURA ORGANIZACIONAL | |
| 650 | 7 | |c DESCRIPCION DE PUESTOS DE TRABAJO | |
| 650 | 7 | |d MANUAL DE FUNCIONES | |
| 650 | 7 | |e REGISTRO CIVIL DE LAS PERSONAS | |
| 700 | 1 | |a Tutor: |b Pineda Rodríguez, Keylin Mayela | |
| 942 | |c BK |2 ddc | ||
| 991 | |a TESIS | ||
| 999 | |c 17248 | ||